مكتبة جامعة عجلون الوطنية

فهرس بحث المكتبة

Normal view MARC view
  • البلاد العربية- احوال اقتصادية - احوال احتماعية

Entry Topical Term

Number of records used in: 1

001 - CONTROL NUMBER

  • control field: 46225

003 - CONTROL NUMBER IDENTIFIER

  • control field: JO-AjAnu

005 - DATE AND TIME OF LATEST TRANSACTION

  • control field: 20230606081636.0

008 - FIXED-LENGTH DATA ELEMENTS

  • fixed length control field: 230606|| aca||aabn | a|a d

040 ## - CATALOGING SOURCE

  • Original cataloging agency: JO-AjAnu
  • Transcribing agency: JO-AjAnu

150 ## - HEADING--TOPICAL TERM

  • Topical term or geographic name entry element: البلاد العربية- احوال اقتصادية - احوال احتماعية

670 ## - SOURCE DATA FOUND

  • Source citation: Work cat.: (JO-AjAnu)23661: مصطفى، محمد سمير... وآخرون؛ مراجعة وتقديم منذر الشرع, author 46224, ندوة الجذور الاقتصادية والاجتماعية للتحولات الراهنة في البلاد العربية